书目信息 |
| 题名: |
科学的遗憾
|
|
| 作者: | 李艳平 , 刘树勇 著 | |
| 分册: | ||
| 出版信息: | 北京 科学出版社 1998.11 |
|
| 页数: | 208页 | |
| 开本: | 20cm | |
| 丛书名: | 科学思想丛书 | |
| 单 册: | ||
| 中图分类: | N09-51 | |
| 科图分类: | ||
| 主题词: | 自然科学史--世界 | |
| 电子资源: | ||
| ISBN: | 7-03-006792-4 | |
| 000 | 00800nam0 2200253 450 | |
| 001 | 0139581578 | |
| 005 | 20050523161438.45 | |
| 010 | @a7-03-006792-4@dCNY10.00 | |
| 100 | @a20050504d1998 km y0chiy0121 ea | |
| 101 | 0 | @achi |
| 102 | @aCN@b110000 | |
| 105 | @ay z 000yy | |
| 200 | 1 | @a科学的遗憾@Ake xue de yi han@f李艳平,刘树勇著@Fli yan ping,liu shu yong zhu |
| 210 | @a北京@c科学出版社@d1998.11 | |
| 215 | @a208页@c图@d20cm | |
| 225 | 2 | @a科学思想丛书@f汪继祥,申先甲主编 |
| 320 | @a有书目。 | |
| 410 | 0 | @12001 @a科学思想丛书@1701 0@a汪继祥@Awang ji xiang@4主编@1701 0@a申先甲@Ashen xian jia@4主编 |
| 606 | 0 | @a自然科学史@y世界 |
| 690 | @aN09-51@v4 | |
| 701 | 0 | @a李艳平@Ali yan ping@4著 |
| 701 | 0 | @a刘树勇@Aliu shu yong@4著 |
| 801 | 0 | @aCN@bQSSK@c20050523 |
| 905 | @dN09-51@eL314 | |
| 科学的遗憾/李艳平,刘树勇著.-北京:科学出版社,1998.11 |
| 208页:图;20cm.-(科学思想丛书/汪继祥,申先甲主编) |
| ISBN 7-03-006792-4:CNY10.00 |
| ● |
| 相关链接 |
|
|
|
正题名:科学的遗憾
索取号:N09-51/L314
 
预约/预借
| 序号 | 登录号 | 条形码 | 馆藏地/架位号 | 状态 | 备注 |
| 1 | 498254 | 204982545 | 期刊室512/401自科库 134排2列3层/ [索取号:N09-51/L314] | 在馆 | |
| 2 | 498255 | 204982554 | 期刊室512/401自科库 134排2列3层/ [索取号:N09-51/L314] | 在馆 | |
| 3 | 498256 | 204982563 | 期刊室512/401自科库 134排2列3层/ [索取号:N09-51/L314] | 在馆 |